| 000 | 01059nam a22001817a 4500 | ||
|---|---|---|---|
| 003 | BDDh-ASL | ||
| 005 | 20231015031250.0 | ||
| 008 | 230326s1978 no ||||| |||| 00| 0 eng d | ||
| 040 |
_aBDDh-ASL _cBDDh-ASL |
||
| 041 | _aeng | ||
| 082 |
_a370 _bHUE |
||
| 100 | 1 |
_aHusain, A.F.A. _93095 |
|
| 245 | 1 | 0 |
_aEducational Development and Reform in Bangladesh / _cby A.F.A. Husain |
| 260 |
_aBergen, Norway : _bDERAP Working Paper, _c1978. |
||
| 300 |
_a174-276 p. : _c30 cm. |
||
| 650 | 0 |
_aশিক্ষা, Education, Education system, শিক্ষা ব্যবস্থা, Śikṣā byabasthā, Higher Education, উচ্চ শিক্ষা, Ucca śikṣā, উন্নত শিক্ষা, Unnata śikṣā, Advanced education, প্রাথমিক শিক্ষা, Prāthamika śikṣā, Primary education, উচ্চ মাধ্যমিক শিক্ষা, Ucca mādhyamika śikṣā, Higher secondary education, মাধ্যমিক শিক্ষা, Mādhyamika śikṣā, Secondary Education _95904 |
|
| 942 |
_2ddc _cBK |
||
| 999 |
_c31383 _d31383 |
||